[Event "Wiesbaden op 27th"]
[Site "Wiesbaden"]
[Date "2015.08.27"]
[Round "1"]
[White "Kirchner, Johanna"]
[Black "Steimbach, Isabel"]
[Result "0-1"]
[WhiteElo "1575"]
[BlackElo "1984"]
[PlyCount "62"]
[EventDate "2015.08.27"]
[EventType "swiss"]
[EventRounds "7"]
[EventCountry "GER"]
[SourceTitle "EXT 2016"]
[Source "ChessBase"]
[SourceDate "2015.10.08"]
[SourceVersion "1"]
[SourceVersionDate "2015.10.08"]
[SourceQuality "1"]

1. e4 c5 2. Nf3 d6 3. d4 cxd4 4. Nxd4 Nf6 5. Nc3 a6 6. Bd3 e5 7. Nb3 Be6 8. 0-0 Be7 9. Bd2 0-0 10. Kh1 Nc6 11. a3 Rc8 12. Na2 d5 13. exd5 Bxd5 14. Qe1 Bxb3 15. cxb3 Qxd3 16. Nb4 Nxb4 17. Bxb4 Bxb4 18. Qxb4 Rc2 19. Rad1 Rxf2 20. Qe1 Rxf1+ 21. Qxf1 Qxf1+ 22. Rxf1 Rc8 23. g3 Rc2 24. Rb1 e4 25. Kg1 e3 26. Kf1 e2+ 27. Kf2 Ng4+ 28. Kg2 e1Q+ 29. Kh3 Rxh2+ 30. Kxg4 Qe4+ 31. Kg5 h6# 0-1

[Event "Hessen-ch U14/U18 Girls"]
[Site "Bad Homburg"]
[Date "2015.03.30"]
[Round "3"]
[White "Poetsch, Leonore"]
[Black "Kirchner, Johanna"]
[Result "1-0"]
[WhiteElo "1657"]
[BlackElo "1575"]
[PlyCount "71"]
[EventDate "2015.03.30"]
[EventType "swiss"]
[EventRounds "7"]
[EventCountry "GER"]
[SourceTitle "EXT 2017"]
[Source "ChessBase"]
[SourceDate "2016.10.25"]
[SourceVersion "1"]
[SourceVersionDate "2016.10.25"]
[SourceQuality "1"]

1. e4 e6 2. d4 d5 3. Nc3 Nf6 4. Bg5 Be7 5. Bxf6 Bxf6 6. Nf3 a6 7. e5 Be7 8. Bd3 c5 9. b3 cxd4 10. Nxd4 Bb4 11. Nde2 Qc7 12. Qd2 Qxe5 13. 0-0 Nd7 14. a3 Ba5 15. b4 Bc7 16. f4 Qf6 17. Rae1 0-0 18. Rf3 Nb6 19. Kh1 Rd8 20. g4 Nc4 21. Qc1 Ne5 22. g5 Nxd3 23. cxd3 Qe7 24. d4 b5 25. Ng3 g6 26. Qe3 Rf8 27. Nxd5 Qd8 28. Nf6+ Kh8 29. Nge4 Kg7 30. Rh3 Rh8 31. Rh6 Kf8 32. Nc5 Bd6 33. d5 Bxc5 34. Qxc5+ Qe7 35. Nxh7+ Ke8 36. Nf6+ 1-0

[Event "Heusenstamm Schloss op 1st"]
[Site "Heusenstamm"]
[Date "2014.11.20"]
[Round "1"]
[White "Kirchner, Johanna"]
[Black "Eichner, Christian"]
[Result "0-1"]
[WhiteElo "1586"]
[BlackElo "2058"]
[PlyCount "66"]
[EventDate "2014.11.20"]
[EventType "swiss"]
[EventRounds "7"]
[EventCountry "GER"]
[SourceTitle "CBM 163 Extra"]
[Source "ChessBase"]
[SourceDate "2014.12.23"]
[SourceVersion "1"]
[SourceVersionDate "2014.12.23"]
[SourceQuality "1"]

1. e4 e5 2. Nf3 Nc6 3. Bb5 a6 4. Ba4 Nf6 5. 0-0 Be7 6. Re1 b5 7. Bb3 0-0 8. c3 d6 9. h3 Na5 10. Bc2 c5 11. d3 Re8 12. Bg5 h6 13. Bh4 Nh5 14. Bxe7 Qxe7 15. a3 Nf4 16. b4 Nc6 17. Nbd2 Be6 18. Qb1 Rac8 19. a4 cxb4 20. axb5 bxc3 21. bxc6 cxd2 22. Nxd2 Rb8 23. Qd1 Qa7 24. Ba4 Rb2 25. Rb1 Reb8 26. Rxb2 Rxb2 27. Qc1 Nxd3 28. Qd1 Qxf2+ 29. Kh2 Nxe1 30. Qxe1 Qxe1 31. Nf3 Qxe4 32. Bd1 Qxc6 33. Kg3 Qc1 0-1

[Event "Hessen-ch U12"]
[Site "Bad Homburg"]
[Date "2014.??.??"]
[Round "9"]
[White "Kirchner, Johanna"]
[Black "Schwarz, Daniel"]
[Result "1/2-1/2"]
[WhiteElo "1088"]
[BlackElo "1234"]
[PlyCount "78"]
[EventDate "2014.04.??"]
[EventType "swiss"]
[EventRounds "9"]
[EventCountry "GER"]
[SourceTitle "EXT 2022"]
[Source "ChessBase"]
[SourceDate "2021.10.06"]
[SourceVersion "1"]
[SourceVersionDate "2021.10.06"]
[SourceQuality "1"]

1. e4 e5 2. Nf3 Nc6 3. Bb5 a6 4. Ba4 Nf6 5. 0-0 Be7 6. Re1 b5 7. Bb3 d6 8. c3 Na5 9. Bc2 0-0 10. d4 c5 11. dxe5 dxe5 12. Nxe5 Qc7 13. Nf3 Bb7 14. Bg5 Nc4 15. b3 Ne5 16. h3 Rad8 17. Qe2 Rd7 18. Nbd2 Rfd8 19. Rad1 Nxf3+ 20. Nxf3 Rxd1 21. Rxd1 Rxd1+ 22. Qxd1 Nxe4 23. Bxe4 Bxe4 24. Qe2 Bxf3 25. Qxe7 Qxe7 26. Bxe7 Bd1 27. Bxc5 Bc2 28. Kf1 f5 29. Ke2 Bb1 30. a3 Ba2 31. Ke3 Bxb3 32. g3 g6 33. Kd4 a5 34. Ke5 Kf7 35. h4 h5 36. f4 a4 37. Bd6 Bc4 38. Bb4 Be2 39. Bc5 Bc4 1/2-1/2

[Event "Hessen-ch U12"]
[Site "Bad Homburg"]
[Date "2013.??.??"]
[Round "1"]
[White "Euler, Daniel"]
[Black "Kirchner, Johanna"]
[Result "1/2-1/2"]
[WhiteElo "682"]
[BlackElo "966"]
[PlyCount "33"]
[EventDate "2013.03.??"]
[EventType "swiss"]
[EventRounds "9"]
[EventCountry "GER"]
[SourceTitle "EXT 2014"]
[Source "ChessBase"]
[SourceDate "2013.11.20"]
[SourceVersion "1"]
[SourceVersionDate "2013.11.20"]
[SourceQuality "1"]

1. e4 e5 2. Nf3 Nc6 3. Bc4 d6 4. h3 Nf6 5. Nc3 Bd7 6. d3 Be7 7. 0-0 0-0 8. b3 h6 9. Bb2 Na5 10. Qe2 Nxc4 11. bxc4 c5 12. Nd5 Nxd5 13. cxd5 b5 14. a3 a5 15. c4 b4 16. a4 Qe8 17. Qd1 1/2-1/2

[Event "Hessen-ch U12"]
[Site "Bad Homburg"]
[Date "2013.??.??"]
[Round "6"]
[White "Kirchner, Johanna"]
[Black "Westhof, Benedikt"]
[Result "1/2-1/2"]
[WhiteElo "966"]
[BlackElo "741"]
[PlyCount "52"]
[EventDate "2013.03.??"]
[EventType "swiss"]
[EventRounds "9"]
[EventCountry "GER"]
[SourceTitle "EXT 2014"]
[Source "ChessBase"]
[SourceDate "2013.11.20"]
[SourceVersion "1"]
[SourceVersionDate "2013.11.20"]
[SourceQuality "1"]

1. e4 e5 2. Nf3 f5 3. exf5 Qf6 4. Bd3 Ne7 5. Nc3 d6 6. Be4 Nbc6 7. d3 Bxf5 8. Bg5 Qe6 9. Bxf5 Nxf5 10. 0-0 h6 11. Bd2 0-0-0 12. Qe1 Ncd4 13. Qd1 Kb8 14. Re1 Be7 15. Be3 Nxe3 16. Rxe3 c5 17. Re1 Bg5 18. Nxg5 hxg5 19. h3 Rhf8 20. Ne4 Rf5 21. c3 Nc6 22. Qg4 Rdf8 23. f3 Qg6 24. h4 Rf4 25. Qxg5 Qxg5 26. hxg5 Kc7 1/2-1/2